Bầu trời rỗng không Thơ

Tên thật của tác giả: Vũ Huy Vọng; Gồm các bài thơ: Chút tình thơ; Nằm võng; Nhớ rừng; Bạn tôi; Mẹ; Nợ với ngàn xưa; Em ở đâu; Hai chiều bâng khuâng; Niềm vui giữa rừng; Đêm không ngủ; Về kinh bắc...

ver descrição completa

Na minha lista:
Detalhes bibliográficos
Autor principal: Huy Vọng
Formato: Livro
Idioma:Undetermined
Publicado em: H. Hội Nhà văn 2013
Assuntos:
Acesso em linha:http://lrc.tdmu.edu.vn/opac/search/detail.asp?aID=2&ID=31248
Tags: Adicionar Tag
Sem tags, seja o primeiro a adicionar uma tag!
Thư viện lưu trữ: Trung tâm Học liệu Trường Đại học Thủ Dầu Một
LEADER 00961nam a2200217Ia 4500
001 TDMU_31248
008 210410s9999 xx 000 0 und d
082 |a 324.2597 071 
090 |b H523 
100 |a Huy Vọng 
245 0 |a Bầu trời rỗng không 
245 0 |b Thơ 
245 0 |c Huy Vọng 
260 |a H. 
260 |b Hội Nhà văn 
260 |c 2013 
300 |a 99tr. 
520 |a Tên thật của tác giả: Vũ Huy Vọng; Gồm các bài thơ: Chút tình thơ; Nằm võng; Nhớ rừng; Bạn tôi; Mẹ; Nợ với ngàn xưa; Em ở đâu; Hai chiều bâng khuâng; Niềm vui giữa rừng; Đêm không ngủ; Về kinh bắc 
650 |a Văn học hiện đại  |v Thơ  |z Việt Nam; Văn học Việt Nam  |v Thơ 
856 |u http://lrc.tdmu.edu.vn/opac/search/detail.asp?aID=2&ID=31248 
980 |a Trung tâm Học liệu Trường Đại học Thủ Dầu Một